| 000 | 00616pab a2200193 454500 | ||
|---|---|---|---|
| 008 | 180718b1999 xxu||||| |||| 00| 0 eng d | ||
| 100 | _aClark, David | ||
| 245 | _aManagerialism, administrative justice and public service reform in Britain | ||
| 260 | _c1999 | ||
| 300 | _ap.473-90 | ||
| 362 | _aDec | ||
| 650 | _aCitizens charter - Great Britain | ||
| 650 | _aPublic administration - Great Britain | ||
| 650 | _aJudiciary - Great Britain | ||
| 650 | _aAdministrative reform - Great Britain | ||
| 650 | _aAdministrative reform | ||
| 773 | _aInternational Review of Administrative Sciences | ||
| 909 | _a43849 | ||
| 999 |
_c43849 _d43849 |
||